000 00755nam a2200205 a 4500
005 20210223132935.0
008 160530s2015 mx r 000 0 spa d
020 _a9786074954685
035 _aUPN01000210826
049 _aI
050 4 _aRF291.5 C4.5
_bP3.2
100 1 _aPalma Cristóbal, Martha
_929824
245 1 0 _aCon la voz y con las manos :
_bpara entender a las personas con discapacidad auditiva /
_cMartha Palma Cristóbal ; il. Humberto Vega.
260 _aToluca :
_bGobierno del Estado de México :
_bFOEM,
_c2015.
300 _a54 p. :
_bil. col.
440 0 _aIdentidad.
_pCuadernos de pedagogía y didáctica
650 4 _aTRASTORNOS DE LA AUDICION EN NIÑOS -
_vLITERATURA INFANTIL
_925287
905 _aInfantil
999 _c182927
_d182927